| 000 | 00698nam a2200253Ia 4500 | ||
|---|---|---|---|
| 003 | OSt | ||
| 005 | 20220925224144.0 | ||
| 006 | a|||||r|||| 00| 0 | ||
| 007 | ta | ||
| 008 | 220923b |||||||| |||| 00| 0 eng d | ||
| 020 | _a0415141346 | ||
| 037 | _cGeneral Book | ||
| 040 |
_aRTL _cRTL _beng |
||
| 041 |
_2eng _aeng |
||
| 082 | _aY:395, N8/TD | ||
| 100 |
_aMirzoeff Nicholas Ed. _9146715 |
||
| 245 | 0 | _aVisual culture reader | |
| 260 |
_aLondon _bRoutledge _c1998 |
||
| 300 |
_axvi,530p Bibliography chapterwise _ccm. |
||
| 650 | _a Sociology | ||
| 650 | _aVisual Culture | ||
| 942 |
_hY:395, N8/TD _cGB _2CC |
||
| 999 |
_c580961 _d580961 |
||